Smart city Android aplikácia pre vizualizáciu dát

Na minha lista:
Detalhes bibliográficos
Autor principal: Fedorko, Jakub (Author)
Outros Autores: Behúl, Miroslav (Thesis advisor)
Formato: Manuscrito Livro
Idioma:eslovaco
Publicado em: Bratislava : STU v Bratislave FEI, 2020
Assuntos:
Acesso em linha:https://opac.crzp.sk/?fn=detailBiblioForm&sid=69B07E5EF4F2B22F0E82B9C7FD1B&seo=CRZP-detail-kniha
Tags: Adicionar Tag
Sem tags, seja o primeiro a adicionar uma tag!

MARC

LEADER 00000ntm a22000003a 4500
001 stuzp76400
003 SK-STU
005 20200723134501.3
007 ta
008 150427s2015----xo-----f-mn---000-0-slo-d
040 |a STU  |b slo 
041 0 |a slo 
044 |a xo 
100 1 |a Fedorko, Jakub  |u 033000  |4 aut  |U FEI Fakulta elektrotechniky a informatiky  |T FEI Ústav elektroniky a fotoniky  |X 92272  |U E030  |Y 549  |7 92272 
242 0 1 |a Smart city Android application for data visualization  |y eng 
245 1 0 |a Smart city Android aplikácia pre vizualizáciu dát 
260 |c Bratislava :  |c STU v Bratislave FEI,  |c 2020 
300 |a 51 s. 
650 4 |a mobilná aplikácia  |2 slo 
650 4 |a kvalita ovzdušia  |2 slo 
650 4 |a Android  |2 slo 
650 4 |a Java  |2 slo 
650 4 |a air quality  |2 eng 
650 4 |a Android  |2 eng 
650 4 |a Java  |2 eng 
650 4 |a mobile application  |2 eng 
700 1 |a Behúl, Miroslav  |u 033000  |k Z2  |4 ths  |U FEI Fakulta elektrotechniky a informatiky  |T FEI Ústav elektroniky a fotoniky  |X 64202  |U E030  |Y 549  |7 A000064202 
856 4 |u https://opac.crzp.sk/?fn=detailBiblioForm&sid=69B07E5EF4F2B22F0E82B9C7FD1B&seo=CRZP-detail-kniha